000 01060nam a2200277 c 4500
999 _c344602
_d344602
003 BLK
005 20210107040714.0
008 180911b bul|||||r ||||||| ||bul||
010 _a004268
040 _aBLK
041 _aFRE
_cBUL
080 _z101(4)(091)
100 1 _aHASARD, Paul
_eпърви автор
_9397324
245 0 0 _aLa crise de la conscience europeenne 1680 - 1715
_nT. 3
_pNotes et references
260 _aParis
_bBoivin and Cie
_c1934 - 1939
300 _c23 см
380 _a1
490 _aЧастна колекция - Академик Михаил Арнаудов
_gДарение - Основен фонд
655 _aфилософия
_9396704
760 _aHASARD, Paul
_d1943
_h160 с.
_oT. 3
_tNotes et references
852 _aМА 659
942 _cKNG
_n0
_s1
944 _aCR
_c1995
_kValK
999 _d344602